Régions de Europe et Amérique du Nord ayant 10M d'habitants - Statistiques

Statistiques générales
  • Ce quiz a été pris 693 fois
  • Le résultat moyen est 20 sur 26
Réponses sur la Carte
Les réponses sont colorées sur une échelle allant du rouge au vert en fonction du pourcentage des utilisateurs qui les ont devinées à leur premier essai. Vous pouvez retrouver ces pourcentages ci-dessous.
 
Statistiques - réponses
Population Région % Correct
67 m France
97%
46 m Espagne
94%
83 m Allemagne
93%
60 m Italie
93%
66 m Royaume-Uni
93%
146 m Russie
93%
39 m Californie
92%
20 m Floride
90%
38 m Pologne
90%
28 m Texas
90%
19 m New York
89%
42 m Ukraine
89%
10 m Portugal
86%
19 m Roumanie
83%
10 m Grèce
82%
17 m Pays-Bas
80%
11 m Belgique
79%
10 m Suède
74%
16 m État de Mexico
68%
14 m Ontario
61%
12 m Illinois
54%
12 m Pennsylvanie
51%
10 m Tchéquie
49%
10 m Géorgie
43%
11 m Ohio
40%
10 m Caroline du Nord
39%
Aucun quiz correspondant
Distribution des résultats
% des personnes avec chaque résultat
Percentile par nombre de réponses
Votre historique - résultats
Vous n’avez pas pris ce quiz